| 000 | 00707nam a2200229 4500 | ||
|---|---|---|---|
| 003 | OSt | ||
| 005 | 20240724061000.0 | ||
| 006 | a | ||
| 008 | 240724b |||||||| |||| 00| 0 eng d | ||
| 020 | _a9781599046129 | ||
| 040 |
_aDWCL-Main lib. _cOC |
||
| 082 | _aCirc. 025.040681 C338 2008 | ||
| 100 | _aJose Ruiz-Navarro | ||
| 245 | _aCases on information technology entrepreneurship / | ||
| 260 |
_aHershey, PA. : _bIGI Pub., _cc2008. |
||
| 300 |
_axxxiii, _b324 p. : ill. ; _c26 cm. |
||
| 504 | _aIncludes bibliographical references & index. | ||
| 650 | _a1. Information technology. | ||
| 650 | _a2. Entrepreneurship. | ||
| 650 | _a3. New business enterprises. | ||
| 942 |
_2ddc _n0 _cBK-CIRC _kCirc. |
||
| 999 |
_c2659 _d2659 |
||